000 00663nam a2200193Ia 4500
003 SISC
005 20170126095007.0
008 140609s9999 xx 000 0 und d
020 _a9780230111219
050 _aHD 62.25
_b.W37 2011
100 _aWard, John L.
245 _aKeeping the family business healthy :
_bhow to plan for continuing growth, profitability, and family leadership /
_cJohn L. Ward.
260 _aNew York :
_bPalgrave Macmillan,
_c2011.
300 _a286 pages ;
_c25 cm.
440 _a(A family business publication).
500 _aIncludes appendices, bibliographical references and index.
942 _kFOR
_cBK
_2lcc
999 _c117918
_d117918